Britain's Next Top Model Quiz Stats

 Plays Quiz not verified by Sporcle

Score 0/78 Timer 09:00
0 Plays Today
Place Model % Correct
WINNERLauren McAvoy
80.9%
11thLauren Donaldson-Stanley
80.9%
12thLauren Wee
80.9%
13thLisa-Ann Hillman
79.5%
Runner-UpAbigail Clancy
78.8%
14thSophie Roberts
78.5%
Runner-UpSophie Sumner
78.5%
WINNERLucy Ratcliffe
77.8%
10thLucy Flower
77.8%
5thLucy Bennett
77.8%
WINNERTiffany Pisani
76.7%
Runner-UpLouise Watts
74.7%
12thLouise Heywood
74.7%
Runner-UpAlisha White
74.3%
3rdJade McSorely
72.6%
WINNERAlex Evans
70.1%
Runnner-UpCatherine Thomas
69.1%
4thRachel Cairns
69.1%
WINNERLianna Fowler
67.4%
WINNERMecia Simson
67%
5thCharlotte Denton
66.3%
4thCharlotte Holmes
66.3%
10thAbigail Galatia
63.9%
9thLisa Fowler
63.9%
4thAshley Brown
63.9%
3rdJoy McLaren
63.5%
6thStephanie Jones
63.2%
14thHannah Goodeve
61.5%
6thDaisy Payne
59.4%
Runner-UpEdwina Joseph
57.6%
9th QUITAnne Kent
57.6%
5thSarah Butler
56.6%
3rdRebecca White
55.9%
11thChloe Cummings
55.9%
6thOlivia Oldham-Stevens
55.9%
4thStefanie Webber
55.6%
3rdStefanie Wilson
55.6%
7thAnnaliese Dayes
54.5%
8thNicola Wright
52.8%
Place Model % Correct
5thAmelia Thomas
51.7%
4thTashi Brown
51.4%
5thViola Szekely
50.3%
4thAmber Niemann
50%
9thAmba Hudson-Skye
48.6%
3rdJenilee Harris
48.3%
5thNaomi Teal
47.9%
8thHayley Wilkins
47.2%
11thClaire Hillier
47.2%
8thHayley Buchanan
47.2%
10thDelita Cole
47.2%
12thSusan Loughnane
46.9%
12thDani Lawrence
46.2%
7thTamar Higgs
45.1%
7thKirsty Parson
43.8%
10thKasey Wynter
43.4%
9thSophia Price
42.7%
13thRachelle Harry
42.7%
6thGeorgina Edewor-Thorley
42%
8thHolly Ritchie
42%
11thHarleen Kaur Nottay
41.7%
9thMadeleine Wheatley
41.3%
9thNatalie Nwagbo
40.3%
3rdJasmina Roberts
39.6%
8thLeanne Nagel
39.6%
12thNina Malone
39.2%
7thMartha Braddell
38.9%
12thMarina Fallahi
37.8%
6thAaron Hunt
37.8%
8thSamantha Gerrard
37.5%
11thKrystal Hancock
35.8%
7thCarly Thompson
34.4%
10thShauna Breen
34%
6thSherece Campbell
33.3%
11thAsha Hibbert
33%
13thMusayeroh Barrie
33%
13thYvette Stubbs
31.6%
10thLynzi Arnott
30.9%
7thMarisa Heath
27.1%

You're not logged in!

Compare scores with friends on all Sporcle quizzes.
OR
Log In

Show Comments

Extras

Top Quizzes Today


Score Distribution

Your Account Isn't Verified!

In order to create a playlist on Sporcle, you need to verify the email address you used during registration. Go to your Sporcle Settings to finish the process.

Report this User

Report this user for behavior that violates our Community Guidelines.

Details: